• 首页
  • 本馆介绍
  • 公告通知
  • 最新文献
  • 馆藏检索
  • 电子资源
  • 读者导购
  • 参考咨询
  • 我的图书馆
  • 登录
  • 详细信息显示
  • 放入我的书架
  • 预约/预借图书
  • 作者相关作品
  • 分类相关作品
  • 丛书相关作品
  • 出版社相关作品

书目信息

  • 表格格式
  • 工作单格式
  • 卡片格式
题名:
市电电能质量补偿技术
    
 
作者: 刘凤君 编著
分册:  
出版信息: 北京   科学出版社  2005
页数: 13,358页
开本: 24cm
丛书名: 高效电能变换应用丛书
单 册:
中图分类: TM727.2
科图分类:
主题词: 城市配电--功率补偿
电子资源:
ISBN: 7-03-015784-2
000 01184oam2 2200277 450
001 012003993390
005 20070805111909.84
009 012003993390
010    @a7-03-015784-2@dCNY38.00
035    @a(110019)012004189235
100    @a20051026d2005 em y0chiy0110 ea
101 0  @achi
102    @aCN@b110000
105    @ay z 000yy
106    @ar
200 1  @a市电电能质量补偿技术@Ashi dian dian neng zhi liang bu chang ji shu@f刘凤君编著@Fliu feng jun bian zhu
210    @a北京@c科学出版社@d2005
215    @a13,358页@d24cm
225 2  @a高效电能变换应用丛书@Agao xiao dian neng bian huan ying yong cong shu
330    @a本书共五章,第1章介绍当前市电电能质量存在的问题及解决这些问题所用的PWM高频电能变换器及其串并联补偿电路,并介绍与此有关的一些基本概念、工作状态及控制方法等;第2章介绍市电电压质量的补偿;第3章介绍对市电输入电流无功与谐波分量的补偿;第4章介绍对市电电压与市电输入电流的串并联综合补偿;第5章介绍以市电质量全面补偿的调频电能变换器HFPC串并联补偿式UPS。
461  0 @12001 @a高效电能变换应用丛书
606 0  @a城市配电@x功率补偿
690    @aTM727.2@v4
701  0 @a刘凤君@Aliu feng jun@4编著
801  0 @aCN@b110019@c20070805
905    @dTM727.2@e30@f5
    
    市电电能质量补偿技术/刘凤君编著.-北京:科学出版社,2005
    13,358页;24cm.-(高效电能变换应用丛书)
    
    
    ISBN 7-03-015784-2:CNY38.00
    本书共五章,第1章介绍当前市电电能质量存在的问题及解决这些问题所用的PWM高频电能变换器及其串并联补偿电路,并介绍与此有关的一些基本概念、工作状态及控制方法等;第2章介绍市电电压质量的补偿;第3章介绍对市电输入电流无功与谐波分量的补偿;第4章介绍对市电电压与市电输入电流的串并联综合补偿;第5章介绍以市电质量全面补偿的调频电能变换器HFPC串并联补偿式UPS。
●
相关链接 在E读中查询图书 在五车中查询图书 在当当中查询图书 在豆瓣中查询图书


正题名:市电电能质量补偿技术     索取号:TM727.2/30         预约/预借

序号 登录号 条形码 馆藏地/架位号 状态 备注
1 0851443   208514437   第二样本阅览室/ [索取号:TM727.2/30] 在馆    
2 0851444   208514446   第三借阅区/ [索取号:TM727.2/30] 在馆    
3 0851445   208514455   第三借阅区/ [索取号:TM727.2/30] 在馆    
4 0851446   208514464   第三借阅区/ [索取号:TM727.2/30] 在馆    
5 0851447   208514473   第三借阅区/ [索取号:TM727.2/30] 在馆    
唐山师范学院图书馆 欢迎您!
大连网信软件有限公司© 版权所有